书目信息 |
| 题名: |
印象派绘画大师
|
|
| 作者: | 约翰·雷华德 , 贝纳·顿斯坦 著 ;平野 , 陈友任 译 | |
| 分册: | ||
| 出版信息: | 桂林 广西师范大学出版社 2002 |
|
| 页数: | 308页 | |
| 开本: | 21cm | |
| 丛书名: | 贝贝特·艺术广场 | |
| 单 册: | ||
| 中图分类: | J209.9 | |
| 科图分类: | ||
| 主题词: | 印象画派--研究 | |
| 电子资源: | ||
| ISBN: | 7-5633-3712-1 | |
| 000 | 00824nam0 2200253 45 | |
| 001 | 0305100835 | |
| 005 | 20031219104110.1 | |
| 010 | @a7-5633-3712-1@dCNY29.80 | |
| 100 | @a20030510d2002 km y0chiy0120 ea | |
| 101 | 0 | @achi@ceng |
| 105 | @af z 000yy | |
| 200 | 1 | @a印象派绘画大师@AYin Xiang Pai Hui Hua Da Shi@f(美)约翰·雷华德,(英)贝纳·顿斯坦著@F(Mei)Yue Han·Lei Hua De,(Ying)Bei Na·Dun Si Tan Zhu@g平野,陈友任译 |
| 210 | @a桂林@c广西师范大学出版社@d2002 | |
| 215 | @a308页@c彩图@d21cm | |
| 225 | @a贝贝特·艺术广场 | |
| 410 | @12001 @a贝贝特·艺术广场 | |
| 606 | 0 | @a印象画派@x研究 |
| 690 | @aJ209.9@v4 | |
| 701 | 0 | @a约翰·雷华德@4著 |
| 701 | 0 | @a贝纳·顿斯坦@4著 |
| 702 | 0 | @a平野@APing Ye@4译 |
| 702 | 0 | @a陈友任@AChen You Ren@4译 |
| 801 | @aCN@bTSTC@c20030510 | |
| 905 | @b323296-298@dJ209.9@e207@f3 | |
| 印象派绘画大师/(美)约翰·雷华德,(英)贝纳·顿斯坦著/平野,陈友任译.-桂林:广西师范大学出版社,2002 |
| 308页:彩图;21cm.-(贝贝特·艺术广场) |
| ISBN 7-5633-3712-1:CNY29.80 |
| ● |
| 相关链接 |
|
|
|
|
正题名:印象派绘画大师
索取号:J209.9/207
 
预约/预借
| 序号 | 登录号 | 条形码 | 馆藏地/架位号 | 状态 | 备注 |
| 1 | 0323296 | 203232965 | 第一借阅区/ [索取号:J209.9/207] | 在馆 | |
| 2 | 0323297 | 203232974 | 第一借阅区/ [索取号:J209.9/207] | 在馆 | |
| 3 | 0323298 | 203232983 | 第一样本阅览室/ [索取号:J209.9/207] | 在馆 |